Nová služba i kvalita Zástupca spoločnosti American Appraisal Vladimír Cholvad vysvetľuje systém ohodnocovania majetku firiem

Otázky objektívneho ohodnocovania

Salvato in:
Dettagli Bibliografici
Autore principale: Luptáková, O.
Natura: Capitolo di libro
Lingua:slovacco
Soggetti:
Tags: Aggiungi Tag
Nessun Tag, puoi essere il primo ad aggiungerne!!

MARC

LEADER 00000naa a2200000 4500
001 r017253
005 20221205102650.6
041 0 |a slo 
044 |a SK 
245 1 0 |a Nová služba i kvalita  |b Zástupca spoločnosti American Appraisal Vladimír Cholvad vysvetľuje systém ohodnocovania majetku firiem  |c O. Luptáková 
520 |a Otázky objektívneho ohodnocovania 
520 |a hnuteľného ale i nehnuteľného majetku. Ponuka služieb spoločnosti American Appraisal v oblasti ohodnocovania majetku. Zástupca spoločnosti Vladimír Chalvad vysvetľuje systém ohodnocovania majetku firiem. 
610 2 0 |a oceňovanie 
610 2 0 |a nehnuteľnosti 
610 2 0 |a firmy 
610 2 0 |a majetok hmotný 
610 2 0 |a majetok kmeňový 
610 2 0 |a majetok nehmotný 
610 2 0 |a poradenstvo 
610 2 0 |a služby poradenské 
610 2 0 |a American Appraisal Associates 
100 1 |a Luptáková, O.